000 nam a22 7a 4500
999 _c27771
_d27771
008 170210b xxu||||| |||| 00| 0 eng d
020 _a9781121282988
050 _aHF 5415.13 .B87 2011
100 _aBusiness Fundamentals for Supply Chain Management.
245 _aBusiness Fundamentals for Supply Chain Management:
_bMGT 856/
_cBusiness Fundamentals for Supply Chain Management.
260 _aU.S.A:
_bMc Graw-Hill,
_c2011.
300 _av,841p.:
_bill.;
_c28cm.
521 _aIncludes index.
650 _aManagement.
942 _2lcc
_cBOOKS
_hHF 5415.13 .B87 2011